| 000 | 00357nam a2200133Ia 4500 | ||
|---|---|---|---|
| 008 | 240624s9999 xx 000 0 und d | ||
| 041 | _aeng | ||
| 082 | _a006.312 BOI | ||
| 100 | _aBOIRE RICHARD | ||
| 245 | _aDATA MINING FOR MANAGERS HOW TO USE DATA | ||
| 260 |
_c2014 _aNew Delhi _bPan Macmillan |
||
| 300 | _axii, : 242 : p. : cm. ; 23 | ||
| 365 |
_cERU _b38 |
||
| 999 |
_c28211 _d28211 |
||